| 000 | 00461nam a2200133Ia 4500 | ||
|---|---|---|---|
| 999 |
_c14524 _d14524 |
||
| 082 | _aRR 340.03 GLO; | ||
| 245 | 0 |
_aGlossary of judicial and revenue terms and of useful words occurring in official documents _brelating to the administration of the government of British India |
|
| 260 |
_aDelhi _bMunshiram Manoharlal Publishers _c1968 |
||
| 300 | _a727p. | ||
| 504 | _aIncludes index; ref | ||
| 650 | _aLaw - Dictionaries | ||
| 700 | _aWilson, H.H | ||
| 942 | _cBK | ||